000 00889nam a2200277Ia 4500
003 OSt
005 20221005111457.0
006 a|||||r|||| 00| 0
007 ta
008 221004b |||||||| |||| 00| 0 hin d
020 _a812604304
024 _a29277
037 _cTextual
040 _aCRL
_cCRL
_bhin
041 _2hin
_ahin
082 _aO152,2M971:g, N8
100 _aरस्तोगी, गिरीश
245 0 _aउदयशंकर भट्ट
246 _aUdayashankar bhaṭṭa
260 _aनई दिल्ली
_bसाहित्य - अकादमी भारत
_c1998
300 _a102पृ0
_ccm.
650 _a हिन्दी साहित्य
650 _aहिन्दी नाटक
942 _hO152,2M971:g, N8
_cTEXL
_2cc
999 _c1021962
_d1021962